Elements of the Periodic Table Quiz - 1 Minute Sprint - Statistics

General Stats
  • This quiz has been taken 81 times
  • The average score is 23 of 118
Answer Stats
# Symbol Element % Correct
1 H Hydrogen
85%
2 He Helium
82%
8 O Oxygen
82%
3 Li Lithium
74%
6 C Carbon
71%
10 Ne Neon
71%
26 Fe Iron
65%
5 B Boron
62%
7 N Nitrogen
62%
19 K Potassium
59%
13 Al Aluminium
56%
20 Ca Calcium
56%
18 Ar Argon
53%
9 F Fluorine
53%
11 Na Sodium
53%
4 Be Beryllium
50%
29 Cu Copper
50%
12 Mg Magnesium
50%
16 S Sulfur
47%
79 Au Gold
44%
15 P Phosphorus
44%
17 Cl Chlorine
41%
30 Zn Zinc
41%
25 Mn Manganese
38%
28 Ni Nickel
38%
47 Ag Silver
38%
27 Co Cobalt
35%
14 Si Silicon
35%
54 Xe Xenon
35%
34 Se Selenium
32%
22 Ti Titanium
32%
23 V Vanadium
32%
35 Br Bromine
29%
36 Kr Krypton
29%
21 Sc Scandium
29%
24 Cr Chromium
26%
33 As Arsenic
24%
32 Ge Germanium
24%
92 U Uranium
24%
31 Ga Gallium
21%
53 I Iodine
21%
80 Hg Mercury
21%
88 Ra Radium
21%
74 W Tungsten
21%
82 Pb Lead
18%
37 Rb Rubidium
18%
50 Sn Tin
18%
87 Fr Francium
15%
94 Pu Plutonium
15%
86 Rn Radon
15%
56 Ba Barium
12%
96 Cm Curium
12%
78 Pt Platinum
12%
95 Am Americium
9%
85 At Astatine
9%
55 Cs Cesium
9%
76 Os Osmium
9%
46 Pd Palladium
9%
84 Po Polonium
9%
38 Sr Strontium
9%
117 Ts Tennessine
9%
39 Y Yttrium
9%
40 Zr Zirconium
9%
99 Es Einsteinium
6%
72 Hf Hafnium
6%
108 Hs Hassium
6%
115 Mc Moscovium
6%
93 Np Neptunium
6%
118 Og Oganesson
6%
45 Rh Rhodium
6%
111 Rg Roentgenium
6%
52 Te Tellurium
6%
69 Tm Thulium
6%
83 Bi Bismuth
3%
98 Cf Californium
3%
112 Cn Copernicium
3%
105 Db Dubnium
3%
63 Eu Europium
3%
103 Lr Lawrencium
3%
109 Mt Meitnerium
3%
101 Md Mendelevium
3%
42 Mo Molybdenum
3%
113 Nh Nihonium
3%
41 Nb Niobium
3%
75 Re Rhenium
3%
44 Ru Ruthenium
3%
73 Ta Tantalum
3%
43 Tc Technetium
3%
81 Tl Thallium
3%
90 Th Thorium
3%
70 Yb Ytterbium
3%
89 Ac Actinium
0%
51 Sb Antimony
0%
97 Bk Berkelium
0%
107 Bh Bohrium
0%
48 Cd Cadmium
0%
58 Ce Cerium
0%
110 Ds Darmstadtium
0%
66 Dy Dysprosium
0%
68 Er Erbium
0%
100 Fm Fermium
0%
114 Fl Flerovium
0%
64 Gd Gadolinium
0%
67 Ho Holmium
0%
49 In Indium
0%
77 Ir Iridium
0%
57 La Lanthanum
0%
116 Lv Livermorium
0%
71 Lu Lutetium
0%
60 Nd Neodymium
0%
102 No Nobelium
0%
59 Pr Praseodymium
0%
61 Pm Promethium
0%
91 Pa Protactinium
0%
104 Rf Rutherfordium
0%
62 Sm Samarium
0%
106 Sg Seaborgium
0%
65 Tb Terbium
0%
No matching quizzes found
Score Distribution
Percent of People with Each Score
Percentile by Number Answered
Your Score History
You have not taken this quiz